00518nam a2200145Ia 450000500170000000800410001710000280005824500920008626000240017830000110020265000090021394200070022299900150022995201280024420260326235444.0260326s9999||||xx |||||||||||||| ||und|| aPérez Montas, Eugenio 0aRep. Dominicana :b Monumentos Históricos y Arqueológicos /cEugenio Pérez Montas bLoera Chávez HNS. a553 p. aARTE cBK c7523d7523 001040708GENaGPCbGPCcGENd2026-03-27eComprai1299l0o720.684 P 4152 ap1299r2026-03-27 04:54:44t1w2026-03-27yBK